[Event "New York op"]
[Site "New York"]
[Date "1998.03.17"]
[Round "3"]
[White "Campora, Daniel Hugo"]
[Black "Tiviakov, Sergei"]
[Result "1/2-1/2"]
[WhiteElo "2520"]
[BlackElo "2640"]
[Annotator "Har Zvi,R"]
[PlyCount "69"]
[EventDate "1998.03.16"]
[EventType "swiss"]
[EventRounds "9"]
[EventCountry "USA"]
[SourceTitle "CBM 064"]
[Source "ChessBase"]
[SourceDate "1998.06.02"]
[SourceVersion "1"]
[SourceVersionDate "1998.06.02"]
[SourceQuality "1"]

1. e4 c5 2. Nf3 d6 3. d4 cxd4 4. Qxd4 Nc6 5. Bb5 Qd7 {very rarly we see this
move,not to say that black's 7 move is even seen in less games,it's quite
interesting to think why did Tiviakov a player with fantastic opening
preperation playes this side way line,there are few ideas ,but maybe he just
wanted to avoid complications in this game and just get a slightly worse but
very solid position} 6. Qd3 a6 7. Bxc6 bxc6 $6 (7... Qxc6 8. O-O (8. c4 b5 9.
Na3 Nf6 10. e5 b4 11. exf6 bxa3 12. b3 gxf6 13. O-O Rg8 14. Kh1 Bb7 15. Bxa3 e6
16. Rfd1 e5 $36 {[%cal Ga8h1] 0-1 Schneider,L-Ribli,Z/Buenos Aires olm 1978/
MCD-ol (40)}) 8... e6 9. Nc3 b5 10. Re1 Bb7 11. a4 bxa4 12. Nd4 Qc7 13. Rxa4
Rc8 14. Nb3 Nf6 15. Na5 Ra8 16. Nxb7 Qxb7 17. Bf4 Nd7 18. Bxd6 $16 {1/2-1/2
Prandstetter,E-Stefanov,P/Bucharest 1980/MCL 07 (40)}) 8. O-O Nf6 (8... e5 $5
9. c4 Nf6 (9... Qc7 $6 10. c5 Nf6 11. cxd6 Qxd6 12. Qc2 Be7 $2 13. Nxe5 Bb7 14.
Nc4 Qc7 15. f3 O-O 16. Be3 c5 17. Nc3 $16 {/+- 1-0 Andres,M-Quiroga,F/San Luis
Clarin GP 1995/EXT 95 (46)}) (9... a5 10. Rd1 Qc7 11. Nc3 Be7 12. Bg5 Ba6 $6
13. Bxe7 Kxe7 14. Qe3 $1 {[%cal Gc4c5]} Bxc4 15. Nxe5 $16 {1-0 Meier,V-Gerber,
P/BL2-O 1996/BL2 (25)}) 10. Nc3 (10. Bg5 Be7 11. Rd1) 10... Be7 11. Bg5 Qe6 12.
Rad1 h6 13. Bxf6 Qxf6 14. Ne1 O-O 15. Nc2 Qg6 16. Ne3 Rd8 17. Kh1 Qg5 18. Ne2
g6 19. f4 exf4 20. Rxf4 Be6 $15 {0-1 Georgescu,G-Barbu,N/ROM-chT 1994/EXT 94ch
(36)}) 9. c4 e6 10. Nc3 Be7 11. e5 $5 {after this white gets a slight but
permenent advantage thanks to black weaknesses on the Queen's side.and his
very bad light colored bishop,but even so it seems black can hold a draw,an
interesting try was 11.Rd1 trying to keep the pressure without exchanging
pieces} (11. Rd1 $5 Qc7 12. Bg5 Rb8 $1 (12... O-O 13. Bxf6) 13. b3 O-O 14. Bh4
$14) 11... dxe5 12. Nxe5 Qxd3 $6 {I am not sure about this move,black has to
check Qc7 deeply since here he just gets a position when his dream...is to
make draw I do not like this way} (12... Qc7 $5 13. Qf3 (13. Qg3 O-O) 13... Bb7
14. Bf4 c5 15. Qd1 {[%cal Gd1a4]} Qa5 $8 $13 (15... O-O 16. Ng6 $18)) 13. Nxd3
$14 Bb7 14. Be3 Nd7 $1 {there is in this endgame one very very important thing
for black to do,he has to avoid the exchange of the dark coloured bishop,if he
does not white will get full control over the "c5" and many other dark squares
when black's position will become critical,as we will see this is exactly what
black took care of} (14... O-O-O 15. Rfd1) 15. Na4 (15. b4 $5) 15... O-O-O 16.
Rfd1 Bf6 17. Rac1 Ne5 {[%csl Rc4] it is a well knowen and a correct idea,with
you are the defending side with no space exchanging pieces is normally good
for you,first Tiviakov exchanges the knight's then the rooks then bishop for
knight and draw!} 18. Nxe5 (18. Bf4 $5 {a very nice move,but does not lead to
more than a draw} Rxd3 19. Rxd3 (19. Nb6+ Kc7 (19... Kd8 $4 20. Bxe5 Rxd1+ 21.
Rxd1+ Ke8 22. Bxf6 gxf6 23. Rd7) 20. Rxd3 Kxb6) 19... Nxd3 20. Nb6+ Kd8 21. Rd1
Ke7 22. Rxd3 Rd8 $11) 18... Bxe5 19. f4 $6 {this creates weakness,Bb4 and b4
immeidately just seems very nice for white} (19. Bb6 $5 $14 {[%csl Ra6,Rb7,Rc6]
}) (19. b4 $5 $14 {[%csl Ra6,Rb7,Rc6]}) 19... Bc7 20. Kf2 h5 21. h4 (21. Nb6+
$5 Kb8 (21... Bxb6 22. Bxb6 $16) 22. b4) (21. g3 h4 {[%cal Gh4g3,Gh8h2]}) 21...
Rxd1 22. Rxd1 Rd8 23. Rxd8+ {after this there are no pieces left for white to
exploit black's weaknesses,and the game soon ends with a draw,but it was still
possible for black to go wrong here} (23. Rc1 e5) 23... Bxd8 (23... Kxd8 $2 24.
Bb6 $1 $16 {[%csl Ra6,Rb7,Rc6]} Bxb6+ 25. Nxb6 Kc7 26. c5 $5 {[%csl Rc7][%cal
Gb6c4,Gc4d6]} (26. Na4 a5 (26... Kd6 27. b4) 27. Nc5 Kb6 (27... Bc8 28. Ke3 {
[%cal Ge3d4]}) 28. Ne4 {[%csl Rf7][%cal Ge4d6,Ge4g5]})) 24. g3 Bf6 25. b3 e5
26. Ke2 (26. Nc5 exf4 27. Bxf4 Bd4+ 28. Be3 Bxc5 29. Bxc5 Kd8 $11 {[%cal Gb7c8,
Gc8f5]}) 26... Kd8 27. Kd3 exf4 28. Bxf4 Be7 29. Kd4 f6 30. Nc5 Bc8 (30...
Bxc5+ $2 31. Kxc5 {[%csl Ra6,Rb7,Rc6][%cal Gc5b6]}) 31. Ne4 (31. b4 g5 32. Be3
gxh4 33. gxh4 Bd6) 31... Ke8 32. a4 (32. Bd6 $5 {this was really white's last
chance} f5 33. Bxe7 fxe4 34. Bg5 (34. Bc5 Kd7 35. Kxe4 Kc7 $11) 34... Kd7 35.
Bf4 $1 (35. Kxe4 Kc7 $11) 35... e3 $1 36. Bxe3 (36. Kxe3 c5 {with Kc6 and a
draw})) 32... Bf5 33. Nd6+ (33. Nc5 Bxc5+ 34. Kxc5 Kd7 {[%cal Gf5c2]}) 33...
Bxd6 34. Bxd6 Bc2 35. Kc3 {in conclusion we can surely that white was better,
and I even feel that he missed fewchances to cause black serious problems,the
big question the still has no answer atleast in my opinion is what was
tiviakov looking for in this variation???} 1/2-1/2

[Event "CRO-ch 6th"]
[Site "Pula"]
[Date "1998.01.10"]
[Round "2"]
[White "Levacic, Patrick"]
[Black "Rogic, Davor"]
[Result "1-0"]
[WhiteElo "2365"]
[BlackElo "2445"]
[Annotator "Har Zvi,R"]
[PlyCount "69"]
[EventDate "1998.01.09"]
[EventType "tourn"]
[EventRounds "13"]
[EventCountry "CRO"]
[EventCategory "9"]
[SourceTitle "CBM 064"]
[Source "ChessBase"]
[SourceDate "1998.06.02"]
[SourceVersion "1"]
[SourceVersionDate "1998.06.02"]
[SourceQuality "1"]

1. e4 c5 2. Nf3 d6 3. d4 cxd4 4. Qxd4 Bd7 5. c4 Nc6 6. Qd2 g6 7. Nc3 Bg7 8. b3
Nf6 9. Bb2 O-O 10. h3 Qa5 11. Rb1 (11. Bd3 Nh5 (11... Rac8 $6 12. O-O Qh5 $6
13. Ne2 Bh6 $2 (13... Qa5) 14. Qd1 a6 $4 15. e5 $1 {[%csl Rh5][%cal Ge2g3] 1-0
Zarnicki,P-Quiroga,F/Buenos Aires Clarin op 1995/EXP46}) (11... a6 12. a3 (12.
O-O b5 13. Rfd1 bxc4 14. Bxc4 Rfc8 15. Rac1 Be6 16. Bd5 Rab8 17. a3 Qd8 18. b4
$14 {Govedarica,R-Nemet,I/Yugoslavia ch 1977}) 12... Rac8 (12... b5 13. cxb5
axb5 14. b4 $14) (12... Rfc8 13. O-O Qd8 14. b4 $14) 13. O-O Qc7 14. b4 $14 {
/+/- Soltis,A-Braunlich,X/USA 1977/ 24/428}) 12. O-O Ne5 $5 (12... f5 13. a3
fxe4 14. b4 Qd8 15. Bxe4 Nf6 16. Bd3 Kh8 17. Nd5 e5 18. Nxf6 Rxf6 19. Be4 $16 {
Bednarski,J-Saidy,A/Polanica Zdroj 1969}) 13. Nxe5 Bxe5 14. f4 $6 (14. Rad1
$142) 14... Qc5+ $1 15. Kh2 Nxf4 $1 16. Rxf4 g5 17. g3 (17. Nd5 Qxd5) 17...
gxf4 18. gxf4 Bg7 $2 (18... Bxc3 $8 19. Bxc3 f6 $17) 19. Nd5 $1 Rae8 20. Rg1 f6
21. b4 Qc8 22. e5 $40 {/+/- Tringov,G-Trifunov,D/Sofia 1981}) 11... a6 12. a3
Qh5 $5 {an interesting idea ,I think that this position just the structure is
slightly better for white but very pleasent to play with white since he has
nice space advantage,black idea now is of course correct only problem that he
looses too much time} (12... Ne5 13. Nxe5 Qxe5 14. Bd3 Qh5 15. O-O Rac8 16. f4
$14 {Singer,C-Bech,H/AUT-chT 92/93 1993}) 13. Be2 Bg4 14. O-O Bxf3 15. Bxf3 Qh4
16. Rbe1 {defending the "e4" pawn and planning to move the bishop to "d1" in
order to play "f4"} (16. Kh2 $6 Ne5 17. Qe2 Qf4+) 16... Nd7 $6 (16... Rab8 $5
17. Kh2 b5 (17... Nd7 18. g3 Qf6 (18... Qh6 19. Qd1 {[%cal Gb2c1]}) 19. Bd1 $36
{[%cal Gf2f4]}) 18. g3 Qh6 19. Qxh6 Bxh6 20. cxb5 axb5 21. Nd5 Nd7 $13) 17. Bd1
$14 Bh6 $2 {in my opnion there should be a very special reason for this bishop
to leave the long diagonal,I can not see a reason right now,and black just
very passive position} (17... Rab8) 18. f4 {[%csl Rh4]} Rfd8 $6 (18... Bg7) 19.
Nd5 $16 {in just 3 moves black has managed to take an unclear position and
make it a very clear one!white wants to play now very simple Qc3 and after f6
then Bg4...} Bg7 {so now you caomw back that means everything} (19... e6 $2 20.
Qc3 e5 21. Bg4 $18) 20. Bxg7 Kxg7 21. Bg4 {[%cal Gg4d7,Yd5b6]} Nf8 (21... e6
22. Qc3+ Kg8 (22... Kh6 23. g3 {and checkmate to the Queen!}) 23. Nc7 Rac8 (
23... h5 24. Bxe6 fxe6 25. Nxe6 Qf6 26. Qxf6 Nxf6 27. Nxd8 Rxd8 $16) 24. Nxe6
fxe6 25. Bxe6+ Kf8 26. Qh8+ Ke7 27. Qg7+ Kxe6 28. f5+ gxf5 29. exf5#) 22. Qc3+
e5 (22... Kg8 23. b4 $1 $16 {/+-}) 23. fxe5 Nxe5 (23... dxe5 $2 24. Qf3 $18 {
[%csl Rf7]}) 24. c5 $1 $18 {white simply moves the "d6" pawn and the "e5"
knight and black has no position at all} Kh6 25. Nf6 $1 Nfd7 (25... Qg5 26. g3
$1 {[%cal Gh3h4]} Kg7 27. h4 Qh6 28. cxd6) 26. Bxd7 Rxd7 (26... Nxd7 27. Ng4+
Kh5 28. Qg7) 27. Nxd7 Nxd7 28. cxd6 f6 29. Qc1+ Qg5 30. h4 Qxc1 31. Rxc1 Rd8
32. g4 Ne5 33. g5+ fxg5 34. Rc5 Re8 35. Rxe5 1-0

[Event "RUS-Cup01 Chigorin Memorial"]
[Site "St Petersburg"]
[Date "1997.11.09"]
[Round "9"]
[White "Belozerov, Andrei"]
[Black "Kruppa, Yuri"]
[Result "1-0"]
[WhiteElo "2450"]
[BlackElo "2535"]
[Annotator "Har Zvi,R"]
[PlyCount "81"]
[EventDate "1997.11.01"]
[EventType "swiss"]
[EventRounds "9"]
[EventCountry "RUS"]
[SourceTitle "CBM 062"]
[Source "ChessBase"]
[SourceDate "1998.01.31"]
[SourceVersion "1"]
[SourceVersionDate "1998.01.31"]
[SourceQuality "1"]

1. e4 c5 2. Nf3 d6 3. Bb5+ Nc6 4. d4 cxd4 5. Qxd4 e6 {5...Bg4 is the main move
in the position} 6. Bg5 (6. O-O Nge7 7. c4 a6 8. Bxc6+ Nxc6 9. Qd3 Be7 10. Nc3
O-O 11. Rd1 Qc7 12. Be3 b6 13. Rac1 Ne5 14. Nxe5 dxe5 15. Na4 Rb8 16. c5 $1 $16
{Vasiukov,E-Sakharov,Y/URS-chT Riga 1968}) 6... Qc7 7. Nc3 {I had very few
gamesw with this variation in my database,this position for example is new as
far I know} (7. c4 Nge7 8. Nc3 a6 9. Qd2 Bd7 10. O-O Ng6 11. Bxc6 Bxc6 12. Rac1
f6 13. Be3 Kf7 14. Nd5 Qd8 15. Bb6 Qd7 16. Nd4 Rc8 17. f4 $36 {Romanov,
A-Lepeshkin,V/Sochi match 1968}) 7... Bd7 8. Bxc6 bxc6 9. O-O-O (9. O-O) 9...
f6 (9... e5 $5 10. Qc4) 10. Be3 Qb7 11. Rhe1 Ne7 12. Nd2 (12. Qxd6 $2 Nd5 13.
Qg3 Nxc3 14. bxc3 e5 $1 $17 {[%csl Rc1,Rd4,Rf4,Rg3]}) 12... Nc8 {[%cal Gb8b1]
black has quite strange position.all his pieces are very passive,his king is
still stuck in the center but he has mass of pawns in the center and play on
the half open "b" file} 13. f4 Be7 {white must act quite quickly,since if
black will manage to organize his position he will be 100% OK} 14. e5 c5 $1 (
14... d5 15. Nb3 {[%csl Rc5]}) 15. Qd3 fxe5 (15... d5 16. exf6 gxf6 17. Bf2)
16. Nc4 (16. fxe5 d5 {when black playes 0-0 on the next move since white can
not play Rf1 now because of "d4"}) 16... d5 (16... exf4 $5 {this is
interesting,since of course I understand white has initiative here but do you
see something force for him...?} 17. Bxf4 d5 (17... e5 $2 18. Nd5 $36) 18. Nxd5
(18. Na5 Qb4 19. Bc7 Nb6) 18... Qxd5 (18... exd5 $2 19. Nd6+ Nxd6 20. Bxd6 O-O
21. Rxe7 $18) 19. Qb3 Qf5) 17. Nxe5 O-O (17... d4 18. Nxd7 Qxd7 19. Bf2 {
[%csl Re6]}) 18. g4 Be8 (18... d4 $5 19. Nxd7 Qxd7 20. Bd2) 19. Bd2 Rb8 20. b3
Nd6 21. f5 c4 $6 (21... d4 $1 {simply moving the "d5" so that white will not
take after black takes on f5!} 22. Ne4 Nxe4 23. Qxe4 (23. Rxe4 Bb5 24. Qf3 Bd6
$19) 23... Qxe4 24. Rxe4 exf5 25. gxf5 Rxf5 (25... Rb7 $5) 26. Nd7 Bxd7 27.
Rxe7 Rf7) 22. Qd4 cxb3 23. cxb3 (23. axb3 $5 {seems more natural}) 23... Nb5 (
23... exf5) 24. Nxb5 Bxb5 25. Kb1 (25. fxe6 Qa6 (25... Bh4 $5 $13) 26. Kb1 Qxe6
{and black is just OK}) 25... exf5 26. Bc3 Bh4 (26... fxg4 $6 27. Nd7 (27. Nc6
$2 Bf6 28. Qxd5+ Rf7 29. Nxb8 Bxc3 30. Qxb7 Rxb7 31. Rd8+ Kf7 {[%csl Rb8,Re1]
[%cal Gc3f6]}) 27... Bf6 28. Nxf6+ Rxf6 29. Qxg4 $44) 27. Rg1 Bf6 $6 {this is
a very strange move in my opinion,why to give back the pawn,why to allow white
to open the "g" file what's wrong with 27...f4 which just gives black a big
advantage} (27... f4 $17) 28. gxf5 Rbd8 29. Qf4 Qc7 30. Bd4 Rde8 31. Rde1 Re7
32. Re3 Rfe8 33. Rge1 Qd6 34. Qg3 a5 $17 {[%cal Ga5a4,Ge8e1,Gh8a1] every one
just put there pieces where they wanted,along the "e" file along the h8-a1 and
h2-b8 diagonal and now white seems to be pinned inmany ways,but he manages to
find a fantastic why to free himself...is it???} 35. Nc6 $4 Rxe3 $4 {what
about 35...Bd3 lets look} (35... Bd3+ 36. Kb2 (36. Rxd3 Rxe1+) 36... Qxc6 37.
Bxf6 Qxf6+ {so after 35...black gets some advantage,but I suspect that both
players where in big big time trouble,just see the continuation of the game})
36. Rxe3 Qd7 $4 (36... Qxc6 37. Rxe8+ Qxe8 38. Bxf6 Qf8 39. Bd4 Qxf5+ 40. Kb2
$11) (36... Qxg3 $6 37. Rxe8+ Kf7 38. hxg3 Kxe8 39. Bxf6 Bxc6 40. Bxg7 a4) 37.
Rxe8+ Qxe8 38. Bxf6 Qe4+ 39. Kb2 Qe2+ 40. Ka3 g6 41. fxg6 1-0

[Event "Hoogovens-B"]
[Site "Wijk aan Zee"]
[Date "1997.01.28"]
[Round "7"]
[White "David, Alberto"]
[Black "Van der Wiel, John"]
[Result "1/2-1/2"]
[WhiteElo "2455"]
[BlackElo "2555"]
[Annotator "Har Zvi,R"]
[PlyCount "46"]
[EventDate "1997.01.21"]
[EventType "tourn"]
[EventRounds "11"]
[EventCountry "NED"]
[EventCategory "10"]
[SourceTitle "CBM 057"]
[Source "ChessBase"]
[SourceDate "1997.04.01"]
[SourceVersion "1"]
[SourceVersionDate "1997.04.01"]
[SourceQuality "1"]

1. e4 c5 2. Nf3 d6 3. d4 cxd4 4. Qxd4 Nc6 5. Bb5 Bd7 6. Bxc6 Bxc6 (6... bxc6)
7. Nc3 (7. c4) 7... Nf6 (7... e5 8. Qd3 h6 (8... Be7 9. O-O h6 (9... Nf6 $6 10.
Bg5) 10. Nd2 Nf6 11. Nc4 O-O 12. Ne3 Bd7 13. a4 Rc8 14. b3 Be6 15. Bb2 $13 {
Shtyenkov,V-Stripunsky,A Volgograd 1994}) 9. Nd2 Nf6 10. Nc4 Nxe4 11. Nxe4 d5
12. Qg3 (12. Nxe5 dxe4 13. Qxd8+ Rxd8 14. Nxc6 bxc6 15. Be3 $14) 12... dxc4 13.
Qxe5+ Qe7 14. Nd6+ Kd7 15. Nxc4 Bxg2 16. Rg1 $13 {Rozentalis,E-Borge,N
Copenhagen op 1996}) 8. Bg5 e6 9. O-O-O Be7 10. Rhe1 (10. Qd3) 10... O-O 11.
Qd2 (11. Kb1) 11... Rc8 (11... Qa5 12. Kb1 Qa6 (12... Rfc8 $2 13. Nd5 $1 $16)
13. Nd4 Rfc8 14. f3 (14. f4 $5) 14... b5 15. g4 b4 (15... Qb7 16. Nce2 a5 17.
Ng3 b4 18. Rg1 Ne8 19. Bxe7 Qxe7 20. g5 g6 21. h4 $40 {Yandemirov,V-Serper,G
Miedzybradzie 1991}) 16. Nce2 Be8 17. Ng3 $13 {Epishin,V-Dvoirys,S URS-ch
Leningrad 1988}) (11... Qc7 12. Nd4 Rfd8 (12... Rfc8 13. f3 b5 14. Kb1 b4 15.
Nce2 a5 16. g4 a4 17. Ng3 $13 {David-Yudasin,L Moscow (ol) 1994}) 13. f3 (13.
f4 h6 14. Bxf6 $6 (14. h4 b5 $1 15. Re3 b4 16. Bxf6 $8 Bxf6 (16... bxc3 $2 17.
Rxc3) 17. Nce2 a5 $40 {Jusspuv,A-Pshkhis.L Moskva (ch) 1981 32/254 [Pshkhis,L,
Vaisser,A]}) 14... Bxf6 15. g4 $6 Qb6 $1 $17 {Lautier,J-Timman,J Beograd 1995
65/196 [Timman,J]}) 13... a6 14. g4 b5 15. Nce2 Bb7 $6 (15... Be8 $5) 16. Ng3
g6 17. Kb1 e5 $6 18. Ndf5 gxf5 19. Nxf5 $40 {/+- Rozentalis,E-Karson,A
Reykjavik op 1996}) 12. Nd4 Qb6 13. f3 Qa6 14. Kb1 Rfd8 15. g4 Be8 16. h4 b5 {
this is just something like a standard plan in this type of position it may
also sometimes transposes into the lines of 11...Qa5} 17. Nce2 Rc4 $5 {this is
quite an unusual move move normally black playes Qb7 followed by b4-a5-a4 but
Van der Wiel's plan is very interesting since for example now after 18.Ng3
black has Ra4 19.a3 b4} 18. b3 Rc7 19. Ng3 Rdc8 20. Rc1 {white first defend's
his c2 pawn before playing Nh5} (20. Nh5 $2 Nxh5 21. Bxe7 (21. gxh5 f6 22. Be3
Bxh5) 21... Ng3 $1 (21... Rxe7 $2 22. gxh5 $40 {[%cal Gg1g8]}) 22. Bg5 e5 $17 {
[%csl Rc2]}) 20... Qa3 21. Nh5 Nxh5 22. Bxe7 Rxe7 23. gxh5 Qc5 {and in this
interesting position both players have decided to end the game piecefully,of
course the position is unclear white may continue with h6and after g6 maybe
f4-f5,maybe c4} 1/2-1/2

[Event "EU-chT (Men) 11th"]
[Site "Pula"]
[Date "1997.05.??"]
[Round "6.2"]
[White "Movsesian, Sergei"]
[Black "Muir, Andrew Joseph"]
[Result "1-0"]
[WhiteElo "2630"]
[BlackElo "2300"]
[Annotator "Har Zvi,R"]
[PlyCount "51"]
[EventDate "1997.05.05"]
[EventType "team-swiss"]
[EventRounds "9"]
[EventCountry "CRO"]
[SourceTitle "CBM 057 Extra"]
[Source "ChessBase"]
[SourceDate "1997.05.01"]
[SourceVersion "1"]
[SourceVersionDate "1997.05.01"]
[SourceQuality "1"]
[WhiteTeam "Czech Republic"]
[BlackTeam "Scotland"]
[WhiteTeamCountry "CZE"]
[BlackTeamCountry "SCO"]

1. e4 c5 2. Nc3 Nc6 3. Nf3 d6 4. Bb5 Bd7 5. Bxc6 Bxc6 6. d4 cxd4 7. Qxd4 Nf6 8.
Bg5 e6 9. O-O-O Be7 10. Qd3 (10. Rhe1 {is the main move in the position}) 10...
O-O 11. Nd4 a6 $6 {quite a strange move which according to my database was not
played until this game} (11... Qa5 12. f4 (12. h4 Rfd8 13. g4 Qc7 14. Rhg1 d5
15. exd5 Nxd5 16. Bxe7 Qxe7 17. g5 Nxc3 18. Qxc3 Bd5 $15 {/~~ Polgar,J-Anand,V
Monaco (rapid) 1994 60/(203)}) 12... Rfc8 (12... Rfd8 13. f5 Bd7 $14) 13. f5 b5
(13... Bd7 14. Nb3 Qe5 15. Rhf1 Rxc3 16. bxc3 Rc8 17. Qd4 Qb5 18. Bxf6 gxf6 19.
Qe3 $16 {/+- Vescovi,G-Dvoireys,S Groningen 1994}) 14. fxe6 fxe6 (14... b4 15.
Nf5 $1 Kh8 16. e5 $3 Qxe5 17. Rhe1 Qa5 18. Nxe7 Qxg5+ 19. Kb1 bxc3 20. Nxc8
Rxc8 21. exf7 $16 {Shirov,A}) 15. Nxe6 b4 16. Bxf6 Bxf6 (16... bxc3 17. Bxc3 $1
) 17. Nd5 Be5 18. Kb1 $16 {Polgar,J-Shirov,A Las Palmas 1994 60/203 [Shirov,A]}
) (11... Qc7 12. f4 Rfd8 13. h4 (13. f5 e5 14. Bxf6 Bxf6 15. Nf3 Qb6 16. Nd5
Bxd5 17. Qxd5 Rac8 18. Qb3 Qxb3 19. axb3 g6 20. Rhe1 $14 {/+/- Panchenko,
AN-Ragozin,E RUS-Sf Kazan 1995}) 13... Rab8 14. f5 e5 15. Bxf6 Bxf6 16. Nde2 b5
17. g4 b4 $132 {Borkowski,F-Shirov,A Moscow5 1991}) (11... Rc8 12. f4 Qc7 (
12... Qa5 13. Kb1 Rfd8 14. Rhf1 a6 15. f5 e5 16. Bxf6 Bxf6 17. Nde2 Qc5 18. Ng3
Kf8 (18... Bg5 $5) 19. Qe2 Bg5 20. Rd3 f6 21. h4 $1 Bh6 (21... Bxh4 22. Qh5
Bxg3 23. Rxg3 h6 24. Rxg7 $1 $18) 22. Nh5 b5 $132 {Vorontsov,N-Zagrebelny,S
Moscow (ol) 1994 62/200 [Zagrebelny,S]}) 13. h4 Rfd8 14. Kb1 h6 15. f5 e5 (
15... hxg5 16. hxg5 d5 17. Qh3 Kf8 18. Qh8+ Ng8 19. Rh7 $18) 16. Bxf6 Bxf6 17.
Nxc6 bxc6 18. g4 Be7 19. g5 $40 {Kaidanov,G-Kudrin,S USA-ch Modesto 1995 CBM 51
}) 12. h4 Qc7 13. f4 Rfd8 14. Kb1 b5 15. e5 dxe5 16. fxe5 Bc5 $8 {all other
moves will cause black big material loses} 17. Nce2 Be4 (17... Bxg2 18. Rhg1
Qxe5 (18... Be4 19. Bxf6 $3 Bxd3 20. Rxg7+ Kf8 21. Nxe6+ fxe6 22. Rxc7 $18 {
[%csl Rd3,Rd8]}) 19. Rxg2 $16 {/+-}) 18. Qg3 Bg6 (18... Bxd4 19. Nxd4 Rxd4 20.
Rxd4 Qxc2+ 21. Ka1 Nd5 $14 {/+/-}) 19. h5 Nxh5 (19... Bxd4 20. Nxd4 Rxd4 21.
Rxd4 Qxc2+ 22. Ka1 Nxh5 23. Qf3 Rc8 24. Be3 (24. g4 f6 25. gxh5 fxg5 {[%cal
Gc2c1]}) 24... f6 25. Rdh4 $16) 20. Bxd8 Rxd8 (20... Qxd8 21. Qf3 $18) 21. Qc3
$1 $16 Qb6 $2 (21... Qxe5 $4 22. Nc6 $18) (21... Rd5 $1 {the only move} 22. g4
Qxe5 23. gxh5 Bxh5 $16 {/~~ indeed white has a big material advantage rook for
only 3 pawns but the position is not easy to play for both side,and in practic
anything can happen in such position,although a rook whould be more than
what's black initiative}) 22. Nb3 $18 {the game is over,black can not prevent
big material lose} Bf2 (22... Be7 23. g4) (22... Rxd1+ 23. Rxd1 Bf8 24. Qc8)
23. Rxd8+ Qxd8 24. g4 b4 25. Qf3 Qc8 26. Rc1 1-0